[Event "DVM U12 2023"]
[Site "Magdeburg GER"]
[Date "2023.12.27"]
[Round "1"]
[White "Shivkumar, Shreyas"]
[Black "Seeger, Lennert"]
[Result "1-0"]
[Termination "normal"]
[Board "10.3"]
[WhiteElo "1405"]
[BlackElo "1030"]
[WhiteClock "01:26:43"]
[BlackClock "00:21:54"]
[WhiteTeam "SG Solingen"]
[BlackTeam "Schachzwerge Magdeburg"]
[PlyCount "94"]
[WhiteFideId "34638407"]
[BlackFideId "34684760"]
[EventCountry "GER"]
[EventRounds "7"]
[EventType "team-swiss"]
[EventDate "2023.12.26"]

1. e4 {[%clk 01:30:55]} {[%emt 00:00:02]} e5 {[%clk 01:30:38]} {[%emt
00:00:22]} 2. Nc3 {[%clk 01:30:52]} {[%emt 00:00:34]} Nf6 {[%clk 01:30:05]}
{[%emt 00:01:04]} 3. f4 {[%clk 01:30:51]} {[%emt 00:00:30]} Nc6 {[%clk
01:25:22]} {[%emt 00:05:13]} 4. fxe5 {[%clk 01:31:02]} {[%emt 00:00:21]} Nxe5
{[%clk 01:24:53]} {[%emt 00:00:58]} 5. d4 {[%clk 01:31:07]} {[%emt 00:00:25]}
Nc6 {[%clk 01:21:32]} {[%emt 00:03:51]} 6. e5 {[%clk 01:30:45]} {[%emt
00:00:51]} Ng8 {[%clk 01:19:58]} {[%emt 00:02:05]} 7. Nf3 {[%clk 01:28:17]}
{[%emt 00:02:39]} d5 {[%clk 01:13:13]} {[%emt 00:07:33]} 8. Be2 {[%clk
01:26:48]} {[%emt 00:01:58]} Bb4 {[%clk 01:06:59]} {[%emt 00:06:46]} 9. O-O
{[%clk 01:25:09]} {[%emt 00:02:07]} Be6 {[%clk 01:00:02]} {[%emt 00:07:27]} 10.
Ng5 {[%clk 01:23:53]} {[%emt 00:01:44]} Qd7 {[%clk 00:55:58]} {[%emt 00:04:37]}
11. a3 {[%clk 01:22:23]} {[%emt 00:02:00]} Bxc3 {[%emt 00:01:20]} 12. bxc3
{[%clk 01:22:42]} {[%emt 00:00:01]} f6 {[%clk 00:54:28]} {[%emt 00:01:20]} 13.
Bh5+ {[%clk 01:22:02]} {[%emt 00:01:09]} g6 {[%clk 00:46:21]} {[%emt 00:08:38]}
14. exf6 {[%clk 01:21:56]} {[%emt 00:00:35]} O-O-O {[%clk 00:44:36]} {[%emt
00:02:15]} 15. Nxe6 {[%clk 01:22:09]} {[%emt 00:00:17]} Re8 {[%clk 00:41:43]}
{[%emt 00:03:23]} 16. f7 {[%clk 01:21:18]} {[%emt 00:01:21]} Nge7 {[%clk
00:31:42]} {[%emt 00:10:32]} 17. fxe8=Q+ {[%clk 01:21:14]} {[%emt 00:00:34]}
Rxe8 {[%clk 00:31:46]} {[%emt 00:00:25]} 18. Be2 {[%clk 01:21:16]} {[%emt
00:00:23]} Qxe6 {[%clk 00:30:38]} {[%emt 00:01:44]} 19. Bg4 {[%clk 01:21:23]}
{[%emt 00:00:22]} Nf5 {[%clk 00:30:39]} {[%emt 00:00:29]} 20. Qd3 {[%clk
01:21:25]} {[%emt 00:00:26]} Nce7 {[%clk 00:29:53]} {[%emt 00:01:18]} 21. Bg5
{[%clk 01:21:20]} {[%emt 00:00:33]} Kb8 {[%clk 00:28:29]} {[%emt 00:01:57]} 22.
Rae1 {[%clk 01:21:11]} {[%emt 00:00:39]} Qd7 {[%clk 00:27:18]} {[%emt
00:01:40]} 23. Bxe7 {[%clk 01:20:50]} {[%emt 00:00:52]} Rxe7 {[%clk 00:27:08]}
{[%emt 00:00:40]} 24. Bxf5 {[%clk 01:21:08]} {[%emt 00:00:12]} gxf5 {[%clk
00:26:52]} {[%emt 00:00:46]} 25. Rxe7 {[%clk 01:21:31]} {[%emt 00:00:07]} Qxe7
{[%clk 00:26:46]} {[%emt 00:00:37]} 26. Rxf5 {[%clk 01:21:27]} {[%emt
00:00:34]} a6 {[%clk 00:26:39]} {[%emt 00:00:37]} 27. Re5 {[%clk 01:21:34]}
{[%emt 00:00:22]} Qd7 {[%clk 00:25:32]} {[%emt 00:01:38]} 28. Qf5 {[%clk
01:21:38]} {[%emt 00:00:25]} Qc6 {[%clk 00:24:18]} {[%emt 00:01:44]} 29. Qf8+
{[%clk 01:21:46]} {[%emt 00:00:22]} Ka7 {[%clk 00:24:18]} {[%emt 00:00:28]} 30.
Qc5+ {[%clk 01:22:00]} {[%emt 00:00:06]} Qxc5 {[%clk 00:23:37]} {[%emt
00:01:23]} 31. dxc5 {[%clk 01:22:28]} {[%emt 00:00:02]} b6 {[%clk 00:23:47]}
{[%emt 00:00:21]} 32. cxb6+ {[%clk 01:22:51]} {[%emt 00:00:07]} Kxb6 {[%clk
00:24:07]} {[%emt 00:00:09]} 33. Rxd5 {[%clk 01:23:15]} {[%emt 00:00:06]} c6
{[%clk 00:24:09]} {[%emt 00:00:28]} 34. Rh5 {[%clk 01:23:36]} {[%emt 00:00:08]}
c5 {[%clk 00:23:47]} {[%emt 00:00:53]} 35. Rxh7 {[%clk 01:24:00]} {[%emt
00:00:05]} Kb5 {[%clk 00:23:41]} {[%emt 00:00:37]} 36. Rh4 {[%clk 01:24:07]}
{[%emt 00:00:22]} a5 {[%clk 00:23:00]} {[%emt 00:01:12]} 37. a4+ {[%clk
01:24:21]} {[%emt 00:00:15]} Kc6 {[%clk 00:23:15]} {[%emt 00:00:15]} 38. Rf4
{[%clk 01:24:46]} {[%emt 00:00:05]} Kd6 {[%clk 00:23:03]} {[%emt 00:00:41]} 39.
h4 {[%clk 01:25:11]} {[%emt 00:00:06]} Ke5 {[%clk 00:23:20]} {[%emt 00:00:14]}
40. g3 {[%clk 01:25:29]} {[%emt 00:00:12]} c4 {[%clk 00:23:24]} {[%emt
00:00:26]} 41. h5 {[%clk 01:25:20]} {[%emt 00:00:39]} Ke6 {[%clk 00:23:26]}
{[%emt 00:00:27]} 42. h6 {[%clk 01:25:44]} {[%emt 00:00:06]} Kd7 {[%clk
00:22:53]} {[%emt 00:01:03]} 43. h7 {[%clk 01:26:08]} {[%emt 00:00:06]} Ke7
{[%clk 00:22:54]} {[%emt 00:00:29]} 44. h8=Q {[%emt 00:00:32]} Kd7 {[%clk
00:22:48]} {[%emt 00:00:12]} 45. Rf6 {[%clk 01:26:31]} {[%emt 00:00:29]} Kc7
{[%clk 00:22:45]} {[%emt 00:00:33]} 46. Qg7+ {[%clk 01:26:47]} {[%emt
00:00:14]} Kd8 {[%clk 00:22:56]} {[%emt 00:00:18]} 47. Rf8# {[%clk 01:26:43]}
{[%emt 00:00:34]} 1-0

[Event "DVM U12 2023"]
[Site "Magdeburg GER"]
[Date "2023.12.27"]
[Round "1"]
[White "Wolff, Theodor Emil"]
[Black "Meijers, Jaroslav"]
[Result "0-1"]
[Termination "normal"]
[Board "10.4"]
[WhiteElo "912"]
[BlackElo "1104"]
[WhiteClock "01:09:12"]
[BlackClock "00:04:50"]
[WhiteTeam "Schachzwerge Magdeburg"]
[BlackTeam "SG Solingen"]
[PlyCount "46"]
[WhiteFideId "34684778"]
[BlackFideId "34143297"]
[EventCountry "GER"]
[EventRounds "7"]
[EventType "team-swiss"]
[EventDate "2023.12.26"]

1. e4 {[%clk 01:30:58]} {[%emt 00:00:02]} c5 {[%clk 01:30:11]} {[%emt
00:00:50]} 2. Nf3 {[%clk 01:31:16]} {[%emt 00:00:11]} e6 {[%clk 01:29:56]}
{[%emt 00:00:45]} 3. d4 {[%clk 01:31:33]} {[%emt 00:00:14]} cxd4 {[%clk
01:29:38]} {[%emt 00:00:48]} 4. Nxd4 {[%clk 01:31:53]} {[%emt 00:00:08]} Nf6
{[%clk 01:29:00]} {[%emt 00:01:08]} 5. Nc3 {[%clk 01:32:07]} {[%emt 00:00:17]}
Nc6 {[%clk 01:28:19]} {[%emt 00:01:11]} 6. Be3 {[%clk 01:31:54]} {[%emt
00:00:43]} Bb4 {[%clk 01:07:09]} {[%emt 00:21:40]} 7. Qd2 {[%clk 01:23:24]}
{[%emt 00:09:00]} Nxe4 {[%clk 01:03:43]} {[%emt 00:03:55]} 8. Qd3 {[%clk
01:22:23]} {[%emt 00:01:30]} Qa5 {[%clk 00:33:16]} {[%emt 00:30:56]} 9. Nde2
{[%clk 01:17:15]} {[%emt 00:05:40]} d5 {[%clk 00:25:33]} {[%emt 00:08:13]} 10.
Bd2 {[%clk 01:14:59]} {[%emt 00:02:46]} Nxd2 {[%clk 00:20:12]} {[%emt
00:05:51]} 11. Qxd2 {[%clk 01:15:16]} {[%emt 00:00:13]} O-O {[%clk 00:19:43]}
{[%emt 00:00:58]} 12. a3 {[%clk 01:15:30]} {[%emt 00:00:17]} Rd8 {[%clk
00:17:39]} {[%emt 00:02:33]} 13. Rb1 {[%clk 01:14:10]} {[%emt 00:01:49]} d4
{[%clk 00:09:20]} {[%emt 00:08:51]} 14. axb4 {[%clk 01:12:31]} {[%emt
00:02:09]} dxc3 {[%clk 00:08:54]} {[%emt 00:00:55]} 15. Nxc3 {[%clk 01:11:00]}
{[%emt 00:02:00]} Nxb4 {[%clk 00:05:23]} {[%emt 00:04:01]} 16. Qf4 {[%clk
01:08:43]} {[%emt 00:02:49]} Nxc2+ {[%clk 00:05:14]} {[%emt 00:00:40]} 17. Ke2
{[%clk 01:08:45]} {[%emt 00:00:28]} b6 {[%clk 00:04:32]} {[%emt 00:01:12]} 18.
Rd1 {[%clk 01:08:35]} {[%emt 00:00:40]} Ba6+ {[%clk 00:04:22]} {[%emt
00:00:39]} 19. Kf3 {[%clk 01:08:41]} {[%emt 00:00:24]} Bb7+ {[%emt 00:02:09]}
20. Rd5 {[%clk 01:09:00]} {[%emt 00:00:16]} Bxd5+ {[%clk 00:04:46]} {[%emt
00:00:21]} 21. Nxd5 {[%clk 01:09:10]} {[%emt 00:00:19]} Qxd5+ {[%clk 00:05:03]}
{[%emt 00:00:13]} 22. Qe4 {[%clk 01:09:18]} {[%emt 00:00:22]} Ne1+ {[%clk
00:04:39]} {[%emt 00:00:54]} 23. Ke3 {[%clk 01:09:12]} {[%emt 00:00:37]} Qd2#
{[%clk 00:04:50]} {[%emt 00:00:18]} 0-1

[Event "DVM U12 2023"]
[Site "Magdeburg GER"]
[Date "2023.12.28"]
[Round "4"]
[White "Nguyen, Thanh An"]
[Black "Ramming, Moritz"]
[Result "1-0"]
[Termination "normal"]
[Board "1.1"]
[WhiteElo "1577"]
[BlackElo "1629"]
[WhiteClock "01:24:55"]
[BlackClock "01:19:43"]
[WhiteTeam "SV Dresden-Striesen 1990"]
[BlackTeam "SK Kelheim 1920"]
[PlyCount "55"]
[WhiteFideId "34627804"]
[BlackFideId "34618198"]
[EventCountry "GER"]
[EventRounds "7"]
[EventType "team-swiss"]
[EventDate "2023.12.26"]

1. Nf3 {[%clk 01:30:58]} {[%emt 00:00:01]} d5 {[%clk 01:30:52]} {[%emt
00:00:09]} 2. d4 {[%clk 01:31:08]} {[%emt 00:00:20]} Nf6 {[%clk 01:31:07]}
{[%emt 00:00:14]} 3. e3 {[%clk 01:31:22]} {[%emt 00:00:15]} e6 {[%clk
01:31:06]} {[%emt 00:00:32]} 4. Bd3 {[%clk 01:31:24]} {[%emt 00:00:29]} Bd6
{[%clk 01:31:22]} {[%emt 00:00:14]} 5. Nbd2 {[%clk 01:30:48]} {[%emt 00:01:05]}
Nbd7 {[%clk 01:31:16]} {[%emt 00:00:37]} 6. O-O {[%clk 01:30:51]} {[%emt
00:00:26]} e5 {[%clk 01:30:39]} {[%emt 00:01:08]} 7. dxe5 {[%clk 01:30:52]}
{[%emt 00:00:29]} Nxe5 {[%clk 01:30:52]} {[%emt 00:00:17]} 8. Nxe5 {[%clk
01:30:56]} {[%emt 00:00:26]} Bxe5 {[%clk 01:31:10]} {[%emt 00:00:12]} 9. Nf3
{[%clk 01:30:40]} {[%emt 00:00:46]} Bd6 {[%clk 01:30:55]} {[%emt 00:00:46]} 10.
h3 {[%clk 01:30:20]} {[%emt 00:00:49]} O-O {[%clk 01:29:46]} {[%emt 00:01:39]}
11. b3 {[%clk 01:26:07]} {[%emt 00:04:43]} a5 {[%clk 01:27:40]} {[%emt
00:02:36]} 12. a3 {[%clk 01:24:37]} {[%emt 00:02:00]} Be6 {[%clk 01:25:02]}
{[%emt 00:03:08]} 13. Bb2 {[%clk 01:24:20]} {[%emt 00:00:47]} Qe7 {[%clk
01:22:33]} {[%emt 00:02:59]} 14. Ng5 {[%clk 01:22:29]} {[%emt 00:02:17]} Nd7
{[%clk 01:22:01]} {[%emt 00:01:05]} 15. Bxh7+ {[%clk 01:21:30]} {[%emt
00:01:29]} Kh8 {[%clk 01:21:59]} {[%emt 00:00:32]} 16. Qh5 {[%clk 01:21:41]}
{[%emt 00:00:19]} Bh2+ {[%clk 01:19:05]} {[%emt 00:03:25]} 17. Kxh2 {[%clk
01:22:05]} {[%emt 00:00:07]} Qd6+ {[%clk 01:19:26]} {[%emt 00:00:09]} 18. Kg1
{[%clk 01:22:27]} {[%emt 00:00:08]} Rfd8 {[%clk 01:19:12]} {[%emt 00:00:44]}
19. Bg6+ {[%clk 01:22:38]} {[%emt 00:00:19]} Kg8 {[%clk 01:19:36]} {[%emt
00:00:06]} 20. Qh7+ {[%clk 01:22:41]} {[%emt 00:00:27]} Kf8 {[%clk 01:19:52]}
{[%emt 00:00:14]} 21. Qxg7+ {[%clk 01:23:07]} {[%emt 00:00:04]} Ke7 {[%clk
01:19:30]} {[%emt 00:00:51]} 22. Bxf7 {[%clk 01:23:02]} {[%emt 00:00:35]} Rf8
{[%clk 01:18:36]} {[%emt 00:01:25]} 23. Bxe6+ {[%clk 01:23:22]} {[%emt
00:00:10]} Ke8 {[%clk 01:18:36]} {[%emt 00:00:29]} 24. Bf7+ {[%clk 01:23:34]}
{[%emt 00:00:18]} Kd8 {[%clk 01:18:51]} {[%emt 00:00:15]} 25. Ne6+ {[%clk
01:23:56]} {[%emt 00:00:07]} Kc8 {[%clk 01:18:56]} {[%emt 00:00:27]} 26. Nxf8
{[%clk 01:24:16]} {[%emt 00:00:09]} Nxf8 {[%clk 01:19:23]} {[%emt 00:00:02]}
27. Qe5 {[%clk 01:24:30]} {[%emt 00:00:17]} Qd8 {[%clk 01:19:43]} {[%emt
00:00:10]} 28. Qe8 {[%clk 01:24:55]} {[%emt 00:00:05]} 1-0

[Event "DVM U12 2023"]
[Site "Magdeburg GER"]
[Date "2023.12.28"]
[Round "4"]
[White "Sitnik, Arthur"]
[Black "Thoms, Eric"]
[Result "0-1"]
[Termination "normal"]
[Board "1.2"]
[WhiteElo "1386"]
[BlackElo "1297"]
[WhiteClock "00:56:37"]
[BlackClock "01:31:34"]
[WhiteTeam "SK Kelheim 1920"]
[BlackTeam "SV Dresden-Striesen 1990"]
[PlyCount "100"]
[WhiteFideId "34608150"]
[BlackFideId "34623450"]
[EventCountry "GER"]
[EventRounds "7"]
[EventType "team-swiss"]
[EventDate "2023.12.26"]

1. e4 {[%clk 01:30:59]} e5 {[%clk 01:30:54]} {[%emt 00:00:06]} 2. Nc3 {[%clk
01:31:27]} {[%emt 00:00:03]} Nf6 {[%clk 01:31:14]} {[%emt 00:00:11]} 3. Bc4
{[%clk 01:31:43]} {[%emt 00:00:14]} Bc5 {[%clk 01:31:23]} {[%emt 00:00:21]} 4.
d3 {[%clk 01:31:53]} {[%emt 00:00:21]} d6 {[%clk 01:31:41]} {[%emt 00:00:11]}
5. f4 {[%clk 01:32:14]} {[%emt 00:00:09]} Nc6 {[%clk 01:30:09]} {[%emt
00:02:02]} 6. Nf3 {[%clk 01:32:28]} {[%emt 00:00:17]} O-O {[%clk 01:30:15]}
{[%emt 00:00:24]} 7. fxe5 {[%clk 01:32:06]} {[%emt 00:00:52]} dxe5 {[%clk
01:30:36]} {[%emt 00:00:08]} 8. Bg5 {[%clk 01:32:06]} {[%emt 00:00:30]} Be6
{[%clk 01:30:17]} {[%emt 00:00:49]} 9. Bd5 {[%clk 01:32:12]} {[%emt 00:00:25]}
Re8 {[%clk 01:29:16]} {[%emt 00:01:30]} 10. Qd2 {[%clk 01:29:05]} {[%emt
00:03:38]} Nd4 {[%clk 01:28:35]} {[%emt 00:01:10]} 11. O-O-O {[%clk 01:27:31]}
{[%emt 00:02:03]} c6 {[%clk 01:28:35]} {[%emt 00:00:31]} 12. Bb3 {[%clk
01:26:04]} {[%emt 00:01:57]} b5 {[%clk 01:27:45]} {[%emt 00:01:20]} 13. Rhf1
{[%clk 01:22:50]} {[%emt 00:03:46]} a5 {[%clk 01:27:22]} {[%emt 00:00:52]} 14.
Bxf6 {[%clk 01:22:09]} {[%emt 00:01:11]} Nxb3+ {[%clk 01:27:36]} {[%emt
00:00:16]} 15. cxb3 {[%clk 01:21:25]} {[%emt 00:01:15]} Qxf6 {[%clk 01:27:57]}
{[%emt 00:00:08]} 16. d4 {[%clk 01:09:21]} {[%emt 00:12:35]} exd4 {[%clk
01:28:05]} {[%emt 00:00:22]} 17. Nxd4 {[%clk 01:08:15]} {[%emt 00:01:36]} Qg6
{[%clk 01:28:19]} {[%emt 00:00:16]} 18. Nf5 {[%clk 01:07:56]} {[%emt 00:00:50]}
Bxf5 {[%clk 01:28:20]} {[%emt 00:00:28]} 19. Rxf5 {[%clk 01:07:26]} {[%emt
00:01:00]} Qxf5 {[%clk 01:27:54]} {[%emt 00:00:57]} 20. exf5 {[%clk 01:07:34]}
{[%emt 00:00:22]} Be3 {[%clk 01:28:14]} {[%emt 00:00:09]} 21. Qxe3 {[%clk
01:03:40]} {[%emt 00:04:24]} Rxe3 {[%clk 01:28:36]} {[%emt 00:00:08]} 22. Rd6
{[%clk 01:03:13]} {[%emt 00:00:57]} Rc8 {[%clk 01:28:37]} {[%emt 00:00:28]} 23.
Kd2 {[%clk 01:02:30]} {[%emt 00:00:31]} Ree8 {[%clk 01:29:06]} 24. Kd3 {[%clk
01:02:37]} {[%emt 00:01:07]} Kf8 {[%clk 01:29:21]} {[%emt 00:00:14]} 25. Kd4
{[%clk 01:02:53]} {[%emt 00:00:15]} f6 {[%clk 01:28:41]} {[%emt 00:01:09]} 26.
g4 {[%clk 01:02:59]} {[%emt 00:00:25]} Re5 {[%clk 01:27:42]} {[%emt 00:01:28]}
27. Ne4 {[%clk 01:03:02]} {[%emt 00:00:28]} Ke7 {[%clk 01:27:12]} {[%emt
00:01:00]} 28. Re6+ {[%clk 01:01:37]} {[%emt 00:01:55]} Rxe6 {[%clk 01:27:34]}
{[%emt 00:00:08]} 29. fxe6 {[%clk 01:01:56]} {[%emt 00:00:11]} Kxe6 {[%clk
01:27:50]} {[%emt 00:00:14]} 30. Nc5+ {[%clk 01:02:18]} {[%emt 00:00:09]} Kd6
{[%clk 01:27:37]} {[%emt 00:00:42]} 31. a3 {[%clk 01:02:08]} {[%emt 00:00:41]}
Re8 {[%clk 01:27:17]} {[%emt 00:00:50]} 32. Nb7+ {[%clk 01:02:27]} {[%emt
00:00:12]} Kc7 {[%clk 01:27:34]} {[%emt 00:00:12]} 33. Nxa5 {[%clk 01:02:47]}
{[%emt 00:00:12]} Kb6 {[%clk 01:27:43]} {[%emt 00:00:20]} 34. b4 {[%clk
01:02:53]} {[%emt 00:00:24]} Re2 {[%clk 01:27:35]} {[%emt 00:00:37]} 35. b3
{[%clk 01:03:01]} {[%emt 00:00:23]} Rxh2 {[%clk 01:27:19]} {[%emt 00:00:46]}
36. a4 {[%clk 01:03:21]} {[%emt 00:00:10]} Rh4 {[%clk 01:27:33]} {[%emt
00:00:16]} 37. Ke4 {[%clk 00:56:45]} {[%emt 00:07:06]} Rxg4+ {[%clk 01:27:56]}
{[%emt 00:00:07]} 38. Kf5 {[%clk 00:56:41]} {[%emt 00:00:34]} Rxb4 {[%clk
01:28:15]} {[%emt 00:00:11]} 39. Nxc6 {[%clk 00:55:35]} {[%emt 00:01:36]} Kxc6
{[%clk 01:28:37]} {[%emt 00:00:08]} 40. a5 {[%clk 00:55:38]} {[%emt 00:00:27]}
Rxb3 {[%clk 01:28:59]} {[%emt 00:00:08]} 41. a6 {[%clk 00:54:03]} {[%emt
00:02:05]} Kb6 {[%clk 01:29:23]} {[%emt 00:00:07]} 42. Kg4 {[%clk 00:54:18]}
{[%emt 00:00:16]} Kxa6 {[%clk 01:29:41]} {[%emt 00:00:10]} 43. Kh4 {[%clk
00:54:33]} {[%emt 00:00:16]} b4 {[%clk 01:29:51]} {[%emt 00:00:19]} 44. Kg4
{[%clk 00:54:50]} {[%emt 00:00:14]} Rb1 {[%clk 01:30:04]} {[%emt 00:00:17]} 45.
Kh4 {[%clk 00:55:11]} {[%emt 00:00:10]} Rg1 {[%clk 01:30:23]} {[%emt 00:00:11]}
46. Kh5 {[%clk 00:55:31]} {[%emt 00:00:11]} b3 {[%clk 01:30:44]} {[%emt
00:00:08]} 47. Kh4 {[%clk 00:55:41]} {[%emt 00:00:19]} b2 {[%clk 01:31:02]}
{[%emt 00:00:12]} 48. Kh3 {[%clk 00:56:04]} {[%emt 00:00:08]} Rg6 {[%clk
01:31:16]} {[%emt 00:00:15]} 49. Kh2 {[%clk 00:56:12]} {[%emt 00:00:23]} b1=Q
{[%clk 01:31:34]} {[%emt 00:00:10]} 50. Kh3 {[%clk 00:56:37]} {[%emt 00:00:07]}
Qh1# {[%emt 00:00:08]} 0-1

[Event "DVM U12 2023"]
[Site "Magdeburg GER"]
[Date "2023.12.28"]
[Round "4"]
[White "Jahn, Gustav"]
[Black "Neumeier, Konstantin"]
[Result "1-0"]
[Termination "normal"]
[Board "1.3"]
[WhiteElo "1304"]
[BlackElo "1394"]
[WhiteClock "01:15:22"]
[BlackClock "01:10:21"]
[WhiteTeam "SV Dresden-Striesen 1990"]
[BlackTeam "SK Kelheim 1920"]
[PlyCount "119"]
[WhiteFideId "34666605"]
[BlackFideId "34608230"]
[EventCountry "GER"]
[EventRounds "7"]
[EventType "team-swiss"]
[EventDate "2023.12.26"]

1. e4 {[%clk 01:30:56]} {[%emt 00:00:03]} e5 {[%clk 01:30:55]} {[%emt
00:00:06]} 2. Nf3 {[%clk 01:31:19]} {[%emt 00:00:06]} Nc6 {[%clk 01:31:21]}
{[%emt 00:00:04]} 3. Bc4 {[%clk 01:31:42]} {[%emt 00:00:07]} Nf6 {[%clk
01:31:46]} {[%emt 00:00:05]} 4. d3 {[%clk 01:32:02]} {[%emt 00:00:10]} h6
{[%clk 01:32:09]} {[%emt 00:00:08]} 5. O-O {[%clk 01:32:12]} {[%emt 00:00:19]}
d6 {[%clk 01:32:17]} {[%emt 00:00:23]} 6. h3 {[%clk 01:32:31]} {[%emt
00:00:10]} g6 {[%clk 01:32:39]} {[%emt 00:00:09]} 7. Re1 {[%clk 01:32:36]}
{[%emt 00:00:24]} Bg7 {[%clk 01:33:06]} {[%emt 00:00:04]} 8. Be3 {[%clk
01:32:43]} {[%emt 00:00:21]} O-O {[%clk 01:33:30]} {[%emt 00:00:08]} 9. Qd2
{[%clk 01:32:53]} {[%emt 00:00:20]} Nd7 {[%clk 01:33:16]} {[%emt 00:00:45]} 10.
Bxh6 {[%clk 01:32:28]} {[%emt 00:00:54]} Nb6 {[%clk 01:31:54]} {[%emt
00:01:53]} 11. Bb3 {[%clk 01:32:17]} {[%emt 00:00:41]} a5 {[%clk 01:25:47]}
{[%emt 00:06:37]} 12. a3 {[%clk 01:31:29]} {[%emt 00:01:18]} Bd7 {[%clk
01:21:38]} {[%emt 00:04:39]} 13. Bxg7 {[%clk 01:31:06]} {[%emt 00:00:52]} Kxg7
{[%clk 01:21:59]} {[%emt 00:00:09]} 14. Nc3 {[%clk 01:30:09]} {[%emt 00:01:26]}
Rh8 {[%clk 01:21:19]} {[%emt 00:01:10]} 15. Ng5 {[%clk 01:29:16]} {[%emt
00:01:20]} f6 {[%clk 01:20:27]} {[%emt 00:01:25]} 16. Nf7 {[%clk 01:29:21]}
{[%emt 00:00:25]} Qe7 {[%clk 01:20:08]} {[%emt 00:00:48]} 17. Nxh8 {[%clk
01:29:40]} {[%emt 00:00:12]} Rxh8 {[%clk 01:20:17]} {[%emt 00:00:20]} 18. Re3
{[%clk 01:27:46]} {[%emt 00:02:22]} Qd8 {[%clk 01:17:56]} {[%emt 00:02:50]} 19.
Rg3 {[%clk 01:27:05]} {[%emt 00:01:14]} Nd4 {[%clk 01:16:29]} {[%emt 00:01:57]}
20. Ba2 {[%clk 01:24:43]} {[%emt 00:02:53]} f5 {[%clk 01:16:21]} {[%emt
00:00:39]} 21. exf5 {[%clk 01:23:19]} {[%emt 00:01:52]} Nxf5 {[%clk 01:15:59]}
{[%emt 00:00:53]} 22. Rg5 {[%clk 01:22:41]} {[%emt 00:01:08]} Nd4 {[%clk
01:13:57]} {[%emt 00:02:31]} 23. Re1 {[%clk 01:22:20]} {[%emt 00:00:50]} Rxh3
{[%clk 01:12:15]} {[%emt 00:02:15]} 24. Rg3 {[%clk 01:18:22]} {[%emt 00:04:27]}
Rh6 {[%clk 01:12:17]} {[%emt 00:00:27]} 25. Qg5 {[%clk 01:17:39]} {[%emt
00:01:15]} Qf8 {[%clk 01:10:46]} {[%emt 00:02:01]} 26. Re4 {[%clk 01:16:33]}
{[%emt 00:01:35]} Nc8 {[%clk 01:09:32]} {[%emt 00:01:45]} 27. Rh4 {[%clk
01:16:07]} {[%emt 00:00:54]} Rxh4 {[%clk 01:09:44]} {[%emt 00:00:21]} 28. Qxh4
{[%clk 01:15:13]} {[%emt 00:01:23]} Nf5 {[%clk 01:10:05]} {[%emt 00:00:09]} 29.
Qg4 {[%clk 01:13:47]} {[%emt 00:01:56]} Nxg3 {[%clk 01:09:18]} {[%emt
00:01:17]} 30. Qxd7+ {[%clk 01:14:08]} {[%emt 00:00:08]} Kh6 {[%clk 01:09:08]}
{[%emt 00:00:38]} 31. fxg3 {[%clk 01:14:25]} {[%emt 00:00:15]} Ne7 {[%clk
01:09:03]} {[%emt 00:00:35]} 32. Be6 {[%clk 01:13:48]} {[%emt 00:01:08]} Qf6
{[%clk 01:07:20]} {[%emt 00:02:06]} 33. Ne4 {[%clk 01:13:36]} {[%emt 00:00:48]}
Qf8 {[%clk 01:06:11]} {[%emt 00:01:37]} 34. Qxc7 {[%clk 01:13:51]} {[%emt
00:00:17]} d5 {[%clk 01:05:48]} {[%emt 00:00:53]} 35. Nc5 {[%clk 01:13:13]}
{[%emt 00:01:08]} Qf6 {[%clk 01:05:41]} {[%emt 00:00:39]} 36. Qxb7 {[%clk
01:12:53]} {[%emt 00:00:50]} Qg5 {[%clk 01:05:50]} {[%emt 00:00:21]} 37. Kh2
{[%clk 01:10:13]} {[%emt 00:03:09]} Nf5 {[%clk 01:04:59]} {[%emt 00:01:21]} 38.
Bxf5 {[%clk 01:10:01]} {[%emt 00:00:42]} Qxf5 {[%clk 01:05:07]} {[%emt
00:00:23]} 39. Qe7 {[%clk 01:10:02]} {[%emt 00:00:27]} g5 {[%clk 01:04:48]}
{[%emt 00:00:49]} 40. Qe6+ {[%clk 01:10:13]} {[%emt 00:00:19]} Qxe6 {[%clk
01:05:10]} {[%emt 00:00:09]} 41. Nxe6 {[%clk 01:10:35]} {[%emt 00:00:08]} e4
{[%clk 01:05:30]} {[%emt 00:00:10]} 42. dxe4 {[%clk 01:10:47]} {[%emt
00:00:19]} dxe4 {[%clk 01:05:53]} {[%emt 00:00:06]} 43. Kg1 {[%clk 01:10:46]}
{[%emt 00:00:30]} Kg6 {[%clk 01:06:09]} {[%emt 00:00:14]} 44. Kf2 {[%clk
01:11:00]} {[%emt 00:00:16]} Kf6 {[%clk 01:06:30]} {[%emt 00:00:09]} 45. Ke3
{[%clk 01:11:00]} {[%emt 00:00:29]} Kxe6 {[%clk 01:06:33]} {[%emt 00:00:28]}
46. Kxe4 {[%clk 01:11:24]} {[%emt 00:00:07]} Kd6 {[%clk 01:06:47]} {[%emt
00:00:17]} 47. Kf5 {[%clk 01:11:48]} {[%emt 00:00:05]} Kc5 {[%clk 01:07:00]}
{[%emt 00:00:17]} 48. Kxg5 {[%clk 01:12:13]} {[%emt 00:00:05]} Kd4 {[%clk
01:07:15]} {[%emt 00:00:15]} 49. Kf6 {[%clk 01:12:30]} {[%emt 00:00:14]} Ke3
{[%clk 01:07:18]} {[%emt 00:00:27]} 50. g4 {[%clk 01:12:52]} {[%emt 00:00:07]}
Kd2 {[%clk 01:07:38]} {[%emt 00:00:10]} 51. g5 {[%clk 01:13:07]} {[%emt
00:00:16]} Kxc2 {[%clk 01:08:01]} {[%emt 00:00:07]} 52. g6 {[%clk 01:13:18]}
{[%emt 00:00:18]} Kxb2 {[%clk 01:08:25]} {[%emt 00:00:07]} 53. g7 {[%clk
01:13:43]} {[%emt 00:00:05]} Kxa3 {[%clk 01:08:49]} {[%emt 00:00:06]} 54. g8=Q
{[%clk 01:14:03]} {[%emt 00:00:10]} a4 {[%clk 01:09:10]} {[%emt 00:00:09]} 55.
Qb8 {[%clk 01:14:05]} {[%emt 00:00:27]} Ka2 {[%clk 01:09:19]} {[%emt 00:00:22]}
56. Ke5 {[%clk 01:14:14]} {[%emt 00:00:21]} a3 {[%clk 01:09:28]} {[%emt
00:00:21]} 57. Kd4 {[%clk 01:14:35]} {[%emt 00:00:09]} Ka1 {[%clk 01:09:49]}
{[%emt 00:00:10]} 58. Kc3 {[%clk 01:14:53]} {[%emt 00:00:12]} Ka2 {[%clk
01:10:02]} {[%emt 00:00:18]} 59. Kc2 {[%clk 01:15:01]} {[%emt 00:00:22]} Ka1
{[%clk 01:10:21]} {[%emt 00:00:11]} 60. Qb1# {[%clk 01:15:22]} {[%emt
00:00:08]} 1-0